| 000 -ლიდერი |
| ფიქსირებული სიგრძის საკონტროლო ველი |
02040nam a22002777a 4500 |
| 003 - საკონტროლო ნომრის იდენტიფიკატორი |
| საკონტროლო ველი |
Ge_BSU |
| 005 - ბოლო ოპერაციის თარიღი და დრო |
| საკონტროლო ველი |
20240514134756.0 |
| 008 - ფიქსირებული სიგრძის მონაცემთა ელემენტები - ზოგადი ინფორმაცია |
| ფიქსირებული სიგრძის საკონტროლო ველი |
240514s2022 ge ||||| |||| 00| 0 geo d |
| 020 ## - წიგნის საერთაშორისო სტანდარტული ნომერი |
| International Standard Book Number |
9789941352386 (ტომი 5) |
| 020 ## - წიგნის საერთაშორისო სტანდარტული ნომერი |
| International Standard Book Number |
9789941350429 (ყველა ტომისთვის) |
| 041 ## - ენის კოდი |
| Language code of text/sound track or separate title |
geo |
| 080 ## - უნივერსალური ათობითი კლასიფიკაციის ინდექსი |
| Universal Decimal Classification number |
396(479.22)+94(479.22) ს-32 |
| 245 ## - ცნობა სათაურის შესახებ |
| Title |
საქართველოს ისტორიის პალიტრა : |
| Remainder of title |
15 ტომეული. ტომი 5, ქალები შუა საუკუნეების საქართველოში / |
| Statement of responsibility, etc |
იზოლდა ქაფიაშვილი, ნანა გუგუშვილი; პროექტის ხელმძღვანელი ჯაბა სამუშია; სარედაქციო ჯგუფი: გელა გურგენიძე, ნესტან მაღალაშვილი, თამარ ჯანთიშვილი [და სხვა]. |
| 264 ## - წარმოების, გამოცემის, დისტრიბუციის და სხვა ცნობები |
| გამოცემის, წარმოების, დისტრიბუციის... ადგილი |
თბილისი : |
| გამოცემის, წარმოების, დისტრიბუციის... სახელწოდება |
პალიტრა L, |
| გამოცემის, წარმოების, დისტრიბუციის... თარიღი |
2022. |
| 300 ## - ფიზიკური აღწერა |
| Extent |
356 გვ. ; |
| Other physical details |
23 სმ. |
| 653 ## - INDEX TERM--UNCONTROLLED |
| Uncontrolled term |
ქართული ხელნაწერები |
| 653 ## - INDEX TERM--UNCONTROLLED |
| Uncontrolled term |
საქართველოს ისტორია |
| 653 ## - INDEX TERM--UNCONTROLLED |
| Uncontrolled term |
ქართველი ქალები |
| 653 ## - INDEX TERM--UNCONTROLLED |
| Uncontrolled term |
ქართველ მოღვაწეთა ბიოგრაფიები |
| 700 ## - ADDED ENTRY--PERSONAL NAME |
| Personal name |
ქაფიაშვილი, იზოლდა |
| Relator term |
ავტორი |
| 9 (RLIN) |
22088 |
| 700 ## - ADDED ENTRY--PERSONAL NAME |
| Personal name |
გუგუშვილი, ნანა |
| Relator term |
ავტორი |
| 9 (RLIN) |
22089 |
| 700 ## - ADDED ENTRY--PERSONAL NAME |
| Personal name |
სამუშია, ჯაბა |
| Relator term |
პროექტის ხელმძღვანელი, წინასიტყვაობის ავტორი. |
| 9 (RLIN) |
22090 |
| 700 ## - ADDED ENTRY--PERSONAL NAME |
| Personal name |
გურგენიძე, გელა |
| Relator term |
რედაქტორი |
| 9 (RLIN) |
22056 |
| 710 ## - ADDED ENTRY--CORPORATE NAME |
| Corporate name or jurisdiction name as entry element |
მაღალაშვილი, ნესტან და სხვ. |
| Subordinate unit |
რედაქტორი |
| 9 (RLIN) |
22091 |
| 942 ## - ADDED ENTRY ELEMENTS (KOHA) |
| Source of classification or shelving scheme |
|
| Koha item type |
წიგნი |